College Quizbowl Stats
College Quizbowl Stats
Circuits
Seasons
Sets
Records
Detailed Stats
About
Loading...
2024 ACF Regionals @ MIT
Tossups
Bonuses
Players
Teams
Categories (Tossup)
Categories (Bonus)
Jack Granahan
Brandeis A
Categories
Category
Powers
Gets
Negs
BBs
Points
Earliest Buzz
Avg. Buzz
First Buzzes
Top 3 Buzzes
Other
0
3
0
0
30
74
88.00
1
3
History - World History
0
1
1
0
5
98
98.00
1
1
Fine Arts - Other Fine Arts
0
0
0
0
0
0.00
0
0
History - Other History
0
0
1
0
-5
0.00
0
0
Buzzes
Category
Answer
Value
Buzz Position
Other
Poland
10
74
History - World History
Borneo
-5
85
History - Other History
Pontus
-5
85
Other
The Dark Side of the Moon
10
92
History - World History
Benito Juárez
10
98
Other
paparazzi
10
98
Fine Arts - Other Fine Arts
Nina Simone
0
129
Previous
1
Next